Statistiques concernant Un Sudoku sur JetPunk ? (niveau facile)

Cliquez ici pour prendre le quiz!

Statistiques générales

  • Ce quiz a été pris 983 fois
  • Le résultat moyen est 40 sur 45

Statistiques - réponses

EmplacementChiffre% Correct
Carré sud-est1
97%
Carré sud2
97%
Carré sud4
97%
Carré sud8
97%
Carré sud-est5
96%
Carré sud-ouest5
96%
Carré nord-ouest2
94%
Carré central2
91%
Carré nord1
90%
Carré central5
90%
Carré nord5
90%
Carré ouest6
90%
Carré nord-ouest8
90%
Carré central8
90%
Carré nord-ouest1
89%
Carré central4
89%
Carré nord-est8
89%
Carré sud-ouest3
88%
Carré sud-est4
88%
Carré nord-ouest5
88%
Carré sud-ouest7
88%
Carré ouest8
88%
Carré central9
88%
Carré est1
87%
Carré nord-est4
87%
Carré est6
87%
Carré nord6
87%
Carré sud-est9
87%
Carré central1
86%
Carré ouest1
86%
Carré nord-est3
86%
Carré nord-ouest3
86%
Carré nord4
86%
Carré nord-ouest6
86%
Carré nord-ouest7
86%
Carré central7
86%
Carré nord-est7
86%
Carré nord7
86%
Carré nord-est9
86%
Carré est3
85%
Carré est4
85%
Carré ouest7
85%
Carré ouest9
85%
Carré est7
84%
Carré est9
84%

Distribution des résultats

Percentile par nombre de réponses

% des personnes avec chaque résultat

Votre développement - résultats

Vous n’avez pas pris ce quiz